000 00487nam a22001937a 4500
003 MPLRDC
005 20220104143637.0
008 210129b ||||| |||| 00| 0 eng d
020 _a957-812-587-9
082 _a889 LMJD v.540
100 _aJAYNE ANN KRENTZ
245 _a深水
_c马伊萍 译
250 _a第一版
260 _a
_b林白出版社
_c1998
300 _b
490 _a浪漫经典. 540
650 _a西洋小说之中文翻译
942 _cBK
_o889 LMJD v.540
999 _c41937
_d41927